000
00291nam a22001217a 4500
008
160507b xxu||||| |||| 00| 0 eng d
020
_a
9780534386665
020
_a
0534386660
041
_a
eng
080
_a
573
245
_a
Microbiology an introduction:
_c
Barry L.Batzing;
942
_2
udc
_c
BK
999
_c
1899
_d
1899